| 000 | 01242nam a2200289 i 4500 | ||
|---|---|---|---|
| 001 | 186010 | ||
| 003 | SpMaBN | ||
| 005 | 20230906222549.0 | ||
| 008 | 160902s1985 sp |||| |dspa d | ||
| 020 | _a84-7162-679-9 | ||
| 080 | _a821.124-15"-00" | ||
| 100 | 1 |
_aLucrecio Caro, Tito. _974604 |
|
| 245 | 1 | 0 |
_aDe la naturaleza / _cT. Lucrecio Caro _b= De rerum natura / T. Lucretii Cari. |
| 246 | 3 | 1 | _aDe rerum natura |
| 260 |
_aBarcelona : _bBosch, _c[1985] |
||
| 300 |
_a601 p. ; _c19 cm. |
||
| 490 | 1 |
_aErasmo, textos bilingües. _aTextos latinos |
|
| 500 | _aCronología. | ||
| 504 | _aBibliografía: p. 63-70. | ||
| 546 | _aTexto en latín y traducción en español. | ||
| 594 | _aEn port.: "La presente obra, homenaje póstumo al humanista Eduard Valentí Fiol, ha sido preparada... y revisada según anotaciones, correcciones y comentarios a la edición, introducción y traducción y notas de su "Lucrecio, De la Naturaleza" (1961), por José-Ignacio Ciruelo Borge..." | ||
| 700 | 1 |
_aValentí Fiol, Eduardo. _9112600 |
|
| 700 | 1 |
_aCiruelo, José-Ignacio. _938904 |
|
| 830 | 0 |
_aErasmo, textos bilingües. _aTextos latinos _9225327 |
|
| 852 |
_aES-MaACL _jL-30611 _z. - Donat. Miguel A. Velasco |
||
| 999 |
_c186010 _d186010 |
||